Địa chấn ở Điện Biên Phủ

Phim nói về Điện Biên Phủ từ chiến thắng huy hoàng 50 năm trước đến thành quả của ngày hôm nay.

Salvato in:
Dettagli Bibliografici
Natura: Libro
Lingua:Undetermined
Pubblicazione: Thành phố Hồ Chí Minh Phương Nam phim 2003
Soggetti:
Tags: Aggiungi Tag
Nessun Tag, puoi essere il primo ad aggiungerne! !
Thư viện lưu trữ: Trung tâm Học liệu Trường Đại học Cần Thơ
LEADER 00731nam a2200205Ia 4500
001 CTU_215207
008 210402s9999 xx 000 0 und d
020 |c 42000 
082 |a 959.7 
082 |b Đ301 
245 0 |a Địa chấn ở Điện Biên Phủ 
245 0 |c Trần Phi (Đạo diễn) 
260 |a Thành phố Hồ Chí Minh 
260 |b Phương Nam phim 
260 |c 2003 
520 |a Phim nói về Điện Biên Phủ từ chiến thắng huy hoàng 50 năm trước đến thành quả của ngày hôm nay. 
650 |a Vietnam,Việt Nam 
650 |x History,Lịch sử 
904 |i Tuyến 
980 |a Trung tâm Học liệu Trường Đại học Cần Thơ